Discrete mathematics / (Record no. 181674)

000 -LEADER
fixed length control field 00927 a2200193 4500
003 - CONTROL NUMBER IDENTIFIER
control field Nust
005 - DATE AND TIME OF LATEST TRANSACTION
control field 20170207153218.0
010 ## - LIBRARY OF CONGRESS CONTROL NUMBER
LC control number 83011993
020 ## - INTERNATIONAL STANDARD BOOK NUMBER
International Standard Book Number 0023609001
040 ## - CATALOGING SOURCE
Transcribing agency Nust
082 00 - DEWEY DECIMAL CLASSIFICATION NUMBER
Classification number 511
100 1# - MAIN ENTRY--PERSONAL NAME
Personal name Johnsonbaugh, Richard,
245 10 - TITLE STATEMENT
Title Discrete mathematics /
Statement of responsibility, etc. Richard Johnsonbaugh.
260 ## - PUBLICATION, DISTRIBUTION, ETC.
Place of publication, distribution, etc. New York :
Name of publisher, distributor, etc. Macmillan Pub. Co. ;
Place of publication, distribution, etc. London :
Name of publisher, distributor, etc. Collier Macmillan Publishers,
Date of publication, distribution, etc. c1984.
300 ## - PHYSICAL DESCRIPTION
Extent xi, 436 p. :
Other physical details ill. ;
Dimensions 25 cm.
505 ## - FORMATTED CONTENTS NOTE
Formatted contents note Logic and Proofs (Page-1),The Language of Mathematics (Page-55),Algorithms (Page-120),Counting Methods and the Pigeonhole Principle (Page-165),Recurrence relations (Page-224),Graphs Theory (Page-263),Trees (Page-323),Networks Models (Page-390),Boolean Algorithms and Combinatorial Circuits (Page-416),Automata, Grammars and Languages (Page-452),Computational Geometry (Page-505).
538 ## - SYSTEM DETAILS NOTE
System details note Almirah No. 10 and Shelf No. 4
650 #0 - SUBJECT ADDED ENTRY--TOPICAL TERM
Topical term or geographic name entry element Computer science
General subdivision Mathematics.
942 ## - ADDED ENTRY ELEMENTS (KOHA)
Source of classification or shelving scheme
Koha item type Book
Holdings
Withdrawn status Lost status Source of classification or shelving scheme Damaged status Not for loan Collection code Permanent Location Current Location Date acquired Total Checkouts Full call number Barcode Date last seen Price effective from Koha item type
            Military College of Signals (MCS) Military College of Signals (MCS) 12/12/2016   511 JOH MCS31113 12/08/2016 12/12/2016 Book
© 2023 Central Library, National University of Sciences and Technology. All Rights Reserved.